Quizzes
Events
Quiz Creation
Community
Videos
Private Events
Remove Ads
Sign In
Join for FREE
Feedback
Dark Mode
Quiz Categories
Sports
Geography
Music
Movies
Television
Just For Fun
Miscellaneous
History
Literature
Language
Science
Gaming
Entertainment
Religion
Holiday
For Kids
Quiz Lab
Recent
Popular Today
Quiz Kudos Today
Editor Picks
Curator Picks
Quizzes by...
Day
Popularity
Type
Ratings
Length
Year
Community
Subscriptions
Recent Discussions
Orange Saloon
Badges
Playlists
Quests
Create
Leaderboards
Showdown
Live 5
Trivia Bingo
Activity
Puzzle Library
Sporcle Events
Private Events
Virtual Trivia
Globe League
Become a Host
Pub Owners
SporcleCon
Opinionation
Our Games
Videos
Blog
Mobile Apps
Partnerships
Remove Ads and Go Orange
Feedback
Television
TV Characters
TV Show
Sitcom
Network
Friends
Reality Shows
Cast
South Park
Star Trek
The Simpsons
Doctor Who
Television
TV Characters
TV Show
Sitcom
Network
Friends
Reality Shows
Cast
South Park
Star Trek
The Simpsons
Doctor Who
Random Quiz
Search Sporcle
×
Quiz Lab
Quiz Lab
Television
The Simpsons
Type in answers that appear in a list
Type in answers that appear in a list
Classic
Best Score? Go Orange.
Lionel Hutz Stats
Can you name the trivia about unqualified Simpsons lawyer Lionel Hutz?
By
radiosilence
5m
24 Questions
165 Plays
165 Plays
165 Plays
Comments
Comments
Give Quiz Kudos
Give Quiz Kudos
-
- Ratings
hide this ad
Replay
Link that replays current quiz
Next Quiz
Link to next quiz in quiz playlist
You Got
0%
They Got
Avg Score
44%
Avg Friend Score
Upgrade to see
Score Distribution
Jump to the score distribution portion of the page
Score
0/24
Timer
05:00
0
Plays Today
Question
Answer
% Correct
Voice actor
Phil Hartman
83%
Ran over Judge Snyder's _
_
_
Son
73.3%
Season in which Hutz first appeared
Season two (Bart Gets Hit By A Car)
69.1%
Won case over this cartoon character's origin
Itchy
68.5%
Recipient of $500 settlement over jagged metal Krusty-
O
Bart Simpson
64.2%
Won case against Satan over possession of this:
Homer's Soul
63.6%
Location within Springfield
Springfield Mall
57.6%
Name one of Hutz's other jobs
Real estate agent, shoe repairman, babysitter
55.2%
Law firm
I Can't Believe It's A Law Firm!
53.3%
Hutz describes this as a bad court thingy
Mistrial
49.1%
Name one of Hutz's free gifts to clients
Smoking monkey, sponge business card, cigar pen, faux pearl necklace, pizza, Orange Julius
48.5%
Preferred hair-
combing utensil
Fork
46.7%
Question
Answer
% Correct
Final season for speaking roles
Season Nine (Realty Bites)
46.7%
Won all-
you-
can-
eat case against this restaurant
The Frying Dutchman
37%
New identity after burning personal papers
Miguel Sanchez
37%
Preferred 9:30 a.m. beverage
Scotch
35.8%
Celebrity AA sponsor
David Crosby
33.3%
Preferred necktie knot
Half-Windsor knot
32.7%
Kinds of evidence
Hearsay and conjecture
26.1%
Slogan (though that bar assn. logo shouldn't be there)
Works on contingency? No! Money down!
24.2%
Part in Oh, Streetcar!
Mitch
21.2%
Bourbon description
Brownest of the brown liquors
15.8%
Executor of these estates
Bea Simmons and Gladys Bouvier
13.3%
Believes Clarence Darrow was the black guy on this TV show
Mod Squad
11.5%
Quiz Playlist
Details
Report
Send in Message
Add To Playlist
Classic:
Type in answers that appear in a list
Last Updated: Feb 16, 2017
Quiz Scoreboard
CHALLENGE
Sign Up to Join the Scoreboard
Show All
Scores
Hide
Comments
May contain spoilers
Recently Published
Billboard Blitz: Fleetwood Mac
by CooCooCachoo
Music
15s
Presidents Visiting Landmarks
by Hejman
History
7m
An Introduction to Baseball
by treessimontrees
Sports
5m
More to Explore
Quiz From the Vault
Featured Blog Post
Where Did the Easter Bunny Come From?
hide this ad
You Might Also Like...
Tags
The Simpsons Quiz
Lawyer
Today's Top Quizzes in Television
Browse Television
hide this ad
Today's Top Quizzes in The Simpsons
Browse The Simpsons
Top Contributed Quizzes in Television
1
5-to-1: The Simpsons Families
2
5-to-1: Television Doctors
3
7-to-1: TV Show Settings
4
One Piece Logic Puzzle
5
5-to-1: Streaming Originals
6
Survivor Seasons
7
Survivor Logic Puzzle: Heroes vs. Villains
8
TV Shows by First Names
9
Survivor Season by Logo
10
One Thing in Common: Television
Explore More
Trending Topics
Marvel
Kpop
Harry Potter
Anime
Crossword
Disney
NBA
The Office
Soccer
NFL
Country
Song
Puzzle
Pokémon
WWE
hide this ad
More By:
radiosilence
Quiz
Plays
Rating
Category
Featured
Created
1980s Billboard Mainstream Rock #1 hits
1,621
3.69
Music
Nov 8, 2009
Garbage Producing Countries
1,246
3.55
Geography
Apr 25, 2010
KROQ #1 songs
1,033
4.00
Music
Jan 13, 2010
Springfield Nuclear Power Plant
833
4.32
Entertainment
Jun 26, 2010
Gimme Five: Alternative Bands
722
2.88
Music
Jun 23, 2011
Go to Creator's Profile
Score Distribution
Quiz Creator Spotlight
radiosilence
Follow
Send a Message
Quizzes Created
-
Created Quiz Play Count
-
More By This Creator
Popular Quizzes Today
1
Find the US States - No Outlines Minefield
2
Find the Countries of Europe - No Outlines Minefield
3
The Countries of the World
4
Find the US States
5
Popular People in 1961
6
US States
7
Risky Map Clicking: Biggest States A-Z
8
Movies - When Are They Set?
More Television Quizzes
First Lines on The Muppet Show
Quiz Lab
Trending Quizzes
Risky Map Clicking: Least Populous States A-Z
1-10 Letter G Words
1-10 Letter F Words
Risky Map Clicking: Next State Alphabetically
Risky Map Clicking: Biggest States A-Z
Recently Updated
Leaping Animals
pecheneg
Reality TV Shows (A-Z)
bhenderson79
Rickey Henderson's Hall of Fame Teammates
pecheneg
Champions League XIs: Arsenal
pecheneg
Quick Pick: Celebrities in WWE's Hall of Fame
aduchscher
A-Z Keypad Blitz II
pecheneg
Multiple Oscar Actors
pecheneg
Mystery Phrase Blitz: Oscar 'Best Actors'
pecheneg
F. Scott Fitzgerald Novels
LTH
Pick 3 Villains
ddd62291
Trending Topics
Disney
Crossword
Marvel
Kpop
NBA
Anime
Harry Potter
NFL
Puzzle
Song
The Office
WWE
Pokémon
Soccer
Country
Your Account Isn't Verified!
In order to create a playlist on Sporcle, you need to verify the email address you used during registration. Go to your
Sporcle Settings
to finish the process.
Report this User
Report this user for behavior that violates our
Community Guidelines
.
Details:
Send Report
Go to the Sporcle.com Mobile Site →
Comments